Current American Overseas Territories - Statistics

General Stats
  • This quiz has been taken 131 times
  • The average score is 5 of 15
Answer Stats
Territory/Minor Outlying Islands % Correct
Guam
85%
American Samoa
80%
US Virgin Islands
75%
Puerto Rico
73%
Northern Mariana Island
60%
Jarvis Island
23%
Wake Island
23%
Johnston Atoll
22%
Navassa Island
22%
Baker Island
17%
Palmyra Atoll
17%
Midway Islands
13%
Howland Island
12%
Kingman Reef
12%
Bajo Nuevo Bank
8%
No matching quizzes found
Score Distribution
Percent of People with Each Score
Percentile by Number Answered
Your Score History
You have not taken this quiz